000 00250nam a2200097Ia 4500
001 657868
005 20250826154624.0
008 250824s9999 xx 000 0 und d
245 0 _aGENÇLİĞİM ANTİK
_cTOLSTOY
260 _bANTİK DÜNYA KLASİKLERİ
999 _c657868
_d657868